DRUGIE NAJWIĘKSZE MIASTA PAŃSTW EUROPY - Statystyki

Ogólne statystyki
  • Ten quiz został rozwiązany 3 018 razy
  • Średni wynik to 16 z 41
Statystyki odpowiedzi
Hint Odpowiedź % Poprawnych
Polska Kraków
99%
Hiszpania Barcelona
90%
Rosja Petersburg
86%
Włochy Mediolan
82%
Portugalia Porto
82%
Niemcy Hamburg
78%
Ukraina Charków
76%
Holandia Rotterdam
74%
Turcja Ankara
73%
Litwa Kowno
66%
Grecja Saloniki
64%
Wielka Brytania Birmingham
60%
Czechy Brno
60%
Chorwacja Split
52%
Szwajcaria Genewa
51%
Szwecja Goteborg
50%
Irlandia Cork
45%
Austria Graz
42%
Norwegia Bergen
38%
Serbia Nowy Sad
32%
Słowenia Maribor
29%
Liechtenstein Vaduz
27%
Węgry Debreczyn
25%
Białoruś Homel
25%
Dania Aarhus
24%
Rumunia Kluż-Napoka
24%
Łotwa Dyneburg
20%
Bułgaria Płowdiw
20%
Belgia Gandawa
19%
Estonia Tartu
19%
Bośnia i Hercegowina Banja Luka
17%
Cypr Limassol
17%
Albania Durres
16%
Finlandia Espoo
12%
Mołdawia Bielce
9%
Macedonia Płn. Bitola
6%
Kosowo Prizren
5%
Czarnogóra Niksic
4%
Luksemburg Esch-sur-Alzette
3%
Islandia Kopavogur
3%
Andora Escaldes-Engordany
1%
Nie znaleziono quizów pasujących do podanych kryteriów
Rozkład punktacji
Procent ludzi z każdym wynikiem
Percentyl według liczby udzielonych odpowiedzi
Twoja historia wyników
Nie rozwiązałeś tego quizu